| 000 | 00489nam a2200133 a 4500 | ||
|---|---|---|---|
| 001 | 000045039 | ||
| 005 | 20201002045827.0 | ||
| 008 | 150129s1974 dr 000 0 spa d | ||
| 040 |
_aDO-SdBNP _bspa _cBNPHU |
||
| 110 | 1 |
_aInstituto Dominicano de Seguros Sociales _937115 |
|
| 245 | 1 | 0 |
_aReglamento : _bpara la ejecución de la ley Num. 1896 y sus modificaciones, sobre seguros sociales. |
| 260 |
_aSanto Domingo : _bInstituto Dominicano de Seguros Sociales, _c1974. |
||
| 300 |
_a28 p. ; _c15 cm. |
||
| 999 |
_c44528 _d44528 |
||